[Event "Niedersachsen-ch op"]
[Site "Verden"]
[Date "2011.01.02"]
[Round "1"]
[White "Neumann, Tiemon"]
[Black "Luebsen, Keno"]
[Result "0-1"]
[WhiteElo "1088"]
[BlackElo "1761"]
[PlyCount "56"]
[EventDate "2011.01.02"]
[EventType "swiss"]
[EventRounds "7"]
[EventCountry "GER"]
[SourceTitle "EXT 2018"]
[Source "ChessBase"]
[SourceDate "2017.10.13"]
[SourceVersion "1"]
[SourceVersionDate "2017.10.13"]
[SourceQuality "1"]

1. g3 d5 2. Bg2 Nf6 3. Nc3 Bf5 4. d4 e6 5. Nf3 c5 6. Bf4 Nc6 7. Nb5 Qa5+ 8. Nc3 cxd4 9. Nxd4 Nxd4 10. Qxd4 Bb4 11. 0-0 0-0 12. e4 Bxc3 13. bxc3 Nxe4 14. Bxe4 Bxe4 15. Bd2 Rfc8 16. Qe5 Bxc2 17. Qg5 h6 18. Qg4 Bf5 19. Qf3 Rc4 20. Rfb1 Bxb1 21. Rxb1 b6 22. Qh5 Qxa2 23. Rd1 Rac8 24. Qe5 Qc2 25. Qe2 Qe4 26. Qxe4 Rxe4 27. Re1 Rxe1+ 28. Bxe1 a5 0-1